000 00582nam a2200205Ia 4500
005 20250923145808.0
008 008 250917s9999 xx 000 0 eng d
037 _aTextual
040 _aDSWL
_beng
_cDSWL
041 _aeng
_2eng
084 _aX:3OaQ7, N85
_qDSWL
100 _aHaque, Z.
_9839008
245 0 _aIslam and feudalism: The economics of RIBA interest and profit
_cby Z.Haque
260 _aLahore
_b Vanguard
_c1985
300 _a257p.
365 _aINR
_b250.00
925 _g250.00
942 _cTEXL
_hX:3OaQ7, N85
999 _c1455798
_d1455798